| 000 | 00572nam a2200205 4500 | ||
|---|---|---|---|
| 001 | 143167 | ||
| 003 | ES-MaACL | ||
| 005 | 20230906200736.0 | ||
| 007 | t| | ||
| 008 | 070214s1964 sp r ||||1| spa d | ||
| 100 | 1 |
_aSerrano, Gregorio. _9105696 |
|
| 245 | 1 | 0 |
_aPoemas goyescos / _cGregorio Serrano. |
| 250 | _a[1ª ed.]. | ||
| 260 |
_aMadrid : _b[s. n.], _c1946 ( _fTall. Industrias Gráficas) |
||
| 300 |
_a18 p. ; _c23 cm. |
||
| 490 | 1 | _aConde Arnaldos | |
| 830 | 0 |
_aConde Arnaldos _9187268 |
|
| 852 |
_aES-MaACL _j2040-F-27 _bR.55104 |
||
| 999 |
_c143167 _d143167 |
||